Role of nonlinear-dynamics and chaos in applied Science / (Record no. 902012)
[ view plain ]
| 000 -LEADER | |
|---|---|
| fixed length control field | 01002nam a2200289 a 4500 |
| 001 - CONTROL NUMBER | |
| control field | vtls001082815 |
| 003 - CONTROL NUMBER IDENTIFIER | |
| control field | NLI |
| 005 - DATE AND TIME OF LATEST TRANSACTION | |
| control field | 20210627123612.0 |
| 008 - FIXED-LENGTH DATA ELEMENTS--GENERAL INFORMATION | |
| fixed length control field | 120315s2000 ii a s000 0 eng |
| 039 #9 - LEVEL OF BIBLIOGRAPHIC CONTROL AND CODING DETAIL [OBSOLETE] | |
| -- | 201203151746 |
| -- | Entertech_02 |
| 040 ## - CATALOGING SOURCE | |
| Original cataloging agency | NLI |
| Language of cataloging | eng |
| Transcribing agency | Entertech-2011 |
| Description conventions | AACR2 |
| 041 0# - LANGUAGE CODE | |
| Language code of text/sound track or separate title | eng |
| 044 ## - COUNTRY OF PUBLISHING/PRODUCING ENTITY CODE | |
| MARC country code | ii |
| 082 04 - DEWEY DECIMAL CLASSIFICATION NUMBER | |
| Classification number | 539.7 |
| 100 1# - MAIN ENTRY--PERSONAL NAME | |
| Personal name | Lawande, Quissan V. |
| 9 (RLIN) | 1012079 |
| 245 10 - TITLE STATEMENT | |
| Title | Role of nonlinear-dynamics and chaos in applied Science / |
| Statement of responsibility, etc. | Quissan V. Lawande and Nirupam Maiti |
| 260 ## - PUBLICATION, DISTRIBUTION, ETC. | |
| Place of publication, distribution, etc. | Mumbai : |
| Name of publisher, distributor, etc. | Bhaba Atomic Research Center, |
| Date of publication, distribution, etc. | 2000 |
| 300 ## - PHYSICAL DESCRIPTION | |
| Extent | 106 p. : |
| Other physical details | ill. ; |
| Dimensions | 28 cm. |
| 610 10 - SUBJECT ADDED ENTRY--CORPORATE NAME | |
| Corporate name or jurisdiction name as entry element | Bhaba Atomic Research Center (Mumbai) |
| 9 (RLIN) | 1014671 |
| 700 1# - ADDED ENTRY--PERSONAL NAME | |
| Personal name | Maiti, Nirupam |
| Relationship | jt. aut |
| 9 (RLIN) | 1012080 |
| 710 2# - ADDED ENTRY--CORPORATE NAME | |
| Corporate name or jurisdiction name as entry element | India. |
| Subordinate unit | Department of Atomic Energy. |
| -- | Atomic Energy Commission |
| 9 (RLIN) | 849884 |
| 710 2# - ADDED ENTRY--CORPORATE NAME | |
| Corporate name or jurisdiction name as entry element | Bhaba Atomic Research Center (Mumbai, India) |
| Relationship | pbl |
| 887 ## - NON-MARC INFORMATION FIELD | |
| Content of non-MARC field | |
| 901 ## - LOCAL DATA ELEMENT A, LDA (RLIN) | |
| a | IOD132568 |
| b | 15.09.2000 |
| 902 ## - LOCAL DATA ELEMENT B, LDB (RLIN) | |
| a | GP 539.7B469no2000 |
| 0 | 03 |
| 942 ## - ADDED ENTRY ELEMENTS (KOHA) | |
| Source of classification or shelving scheme | Dewey Decimal Classification |
| Koha item type | Books |
| Withdrawn status | Lost status | Damaged status | Not for loan | Collection code | Home library | Current library | Shelving location | Date acquired | Total Checkouts | Full call number | Date last seen | Price effective from | Koha item type |
|---|---|---|---|---|---|---|---|---|---|---|---|---|---|
| Government Publications | National Library of India | National Library of India | Annexe Reading Room & Stack Division | GP 539.7B469no2000 | 27/06/2021 | 27/06/2021 | Books |
